000 00572nam a2200217Ia 4500
003 OSt
005 20220926044250.0
006 a|||||r|||| 00| 0
007 ta
008 220923b |||||||| |||| 00| 0 eng d
037 _cGeneral Book
040 _aRTL
_cRTL
_beng
041 _2eng
_aeng
082 _aX9J:3:N5, G5
100 _aHerbert George
_954842
245 0 _aCan land settlement solve unemployment?
260 _c1935
650 _aAgricultural Industry
942 _hX9J:3:N5, G5
_cGB
_2CC
999 _c674384
_d674384